New cosmos reading
Guardat en:
| Format: | Llibre |
|---|---|
| Etiquetes: |
Afegir etiqueta
Sense etiquetes, Sigues el primer a etiquetar aquest registre!
|
| Thư viện lưu trữ: | Mạng thư viện Đại học Đà Nẵng |
|---|
| LEADER | 00389nam a22001691a 4500 | ||
|---|---|---|---|
| 001 | 000037085 | ||
| 003 | 13380 | ||
| 005 | 20160412015056.0 | ||
| 008 | 160412s0 000 | ||
| 082 | |a 4N(TK)19 | ||
| 245 | |a New cosmos reading | ||
| OWN | |a LNN | ||
| 999 | |a From the UDN01 | ||
| TYP | |a Monograph | ||
| 980 | |a Mạng thư viện Đại học Đà Nẵng | ||